| 000 | 00721nam a22002177a 4500 | ||
|---|---|---|---|
| 005 | 20251108171844.0 | ||
| 008 | 250721s2001 xx 000 0 ara d | ||
| 082 | 1 | 4 | _aط/ ق/جزر |
| 100 | 1 |
_aروجر، تري _eCart. |
|
| 245 | 1 | 0 | _aالجزرة العنيدة / |
| 264 | 1 |
_aبيروت : _bدار العلم للملايين، _c2001. |
|
| 300 | _a[16 ص] | ||
| 490 | 0 | _aنادي القراء | |
| 650 | 1 | 7 | _aالقصص العربية |
| 650 | 1 | 7 | _aالقصص العربية |
| 653 | _aقصص الأطفال | ||
| 653 | _aأطفال ما قبل المدرسة (0-5 سنوات) | ||
| 710 | 2 | _aدار العلم للملايين . قسم التأليف التربوي | |
| 942 |
_2ddc _cBK |
||
| 999 |
_c64369 _d64369 |
||